[Event "Vesterhavsturneringen GM 1982"]
[Site "Esbjerg"]
[Date "1982.??.??"]
[Round "6"]
[White "Hansen, Curt"]
[Black "Fries Nielsen, Jens Ove"]
[Result "1-0"]
[WhiteElo "2380"]
[BlackElo "2390"]
[PlyCount "83"]
[EventDate "1982.??.??"]

1. e4 g6 2. d4 Bg7 3. Nc3 d6 4. f4 c6 5. Nf3 Bg4 6. Be3 Qb6 7. Qd2 Bxf3 8. gxf3
Nd7 9. O-O-O Qa5 10. Kb1 f5 11. Rg1 Nh6 12. Bc4 Nf6 13. Be6 Nh5 14. Rde1 Rf8
15. Bf2 Rf6 16. d5 Rxe6 17. dxe6 Bxc3 18. Qxc3 Qxc3 19. bxc3 Ng7 20. Rg3 O-O-O
21. Rh3 Nh5 22. Bd4 fxe4 23. fxe4 c5 24. Be3 Ng4 25. f5 Nhf6 26. Bg5 gxf5 27.
exf5 Rg8 28. Bxf6 Nxf6 29. Rg3 Rxg3 30. hxg3 d5 31. c4 dxc4 32. Kb2 Kc7 33. a4
Kc6 34. Rd1 h5 35. Rd8 b6 36. Ra8 a6 37. Ra7 Nd5 38. Kc1 c3 39. Kd1 Ne3+ 40.
Ke2 Nxf5 41. Kd3 Nxg3 42. Rxe7 1-0

[Event "Vesterhavsturneringen GM 1982"]
[Site "Esbjerg"]
[Date "1982.??.??"]
[Round "6"]
[White "Ost Hansen, Jacob"]
[Black "Westerinen, Heikki"]
[Result "1/2-1/2"]
[WhiteElo "2410"]
[BlackElo "2410"]
[PlyCount "31"]
[EventDate "1982.??.??"]

1. g3 e5 2. c4 f5 3. Bg2 Nf6 4. d3 Bb4+ 5. Bd2 Bxd2+ 6. Qxd2 O-O 7. Nc3 d6 8.
Nf3 c5 9. O-O Nc6 10. e3 a6 11. a3 Qe8 12. Ne1 Be6 13. f4 Rd8 14. Nd5 Qf7 15.
Nxf6+ Qxf6 16. Rc1 1/2-1/2

[Event "Vesterhavsturneringen GM 1982"]
[Site "Esbjerg"]
[Date "1982.??.??"]
[Round "6"]
[White "Hoi, Carsten"]
[Black "Ftacnik, Lubomir"]
[Result "0-1"]
[WhiteElo "2390"]
[BlackElo "2535"]
[PlyCount "58"]
[EventDate "1982.??.??"]

1. d4 Nf6 2. c4 g6 3. Nc3 d5 4. Bg5 Ne4 5. Bh4 Nxc3 6. bxc3 c5 7. cxd5 Qxd5 8.
e3 Nc6 9. Qf3 Be6 10. Qxd5 Bxd5 11. Nf3 Bg7 12. Be2 cxd4 13. cxd4 e5 14. dxe5
Nxe5 15. Rb1 Bxa2 16. Rxb7 O-O 17. Nxe5 Bxe5 18. O-O a5 19. f4 Bg7 20. Bf3 a4
21. Rc7 Ra5 22. Be1 Ra6 23. Be2 Raa8 24. Bf3 Rfc8 25. Rd7 Be6 26. Re7 Bf6 27.
Rxe6 fxe6 28. Bxa8 Rxa8 29. Rf2 Rb8 0-1

[Event "Vesterhavsturneringen GM 1982"]
[Site "Esbjerg"]
[Date "1982.??.??"]
[Round "6"]
[White "Sahl, Bjarke"]
[Black "Jansa, Vlastimil"]
[Result "0-1"]
[WhiteElo "2355"]
[BlackElo "2455"]
[PlyCount "80"]
[EventDate "1982.??.??"]

1. c4 g6 2. g3 Bg7 3. Bg2 d6 4. Nc3 e5 5. e3 Nf6 6. Nge2 O-O 7. O-O c6 8. d3
Be6 9. h3 d5 10. cxd5 Nxd5 11. Nxd5 Bxd5 12. e4 Be6 13. Be3 Qd7 14. Kh2 Rd8 15.
Qa4 Na6 16. Rfd1 c5 17. Qa5 Nb4 18. Bxc5 Nxd3 19. Nc1 b6 20. Qa3 bxc5 21. Nxd3
c4 22. Nb4 Qb5 23. Qc3 h5 24. h4 Rxd1 25. Rxd1 Rb8 26. Nd5 Qxb2 27. Qxc4 Qxf2
28. Rf1 Qd4 29. Qc6 Kh7 30. Qc7 Rb2 31. Rxf7 Rxg2+ 32. Kxg2 Qxe4+ 33. Kh2 Bxf7
34. Qxf7 Qe2+ 35. Kg1 Qd1+ 36. Kh2 Qc2+ 37. Kg1 Qb1+ 38. Kh2 Qxa2+ 39. Kh3 Qa6
40. Nc7 Qf6 0-1

[Event "Vesterhavsturneringen GM 1982"]
[Site "Esbjerg"]
[Date "1982.??.??"]
[Round "7"]
[White "Ftacnik, Lubomir"]
[Black "Hansen, Curt"]
[Result "1-0"]
[WhiteElo "2535"]
[BlackElo "2380"]
[PlyCount "80"]
[EventDate "1982.??.??"]

1. Nf3 Nf6 2. d4 e6 3. c4 d5 4. Nc3 c6 5. Bg5 h6 6. Bxf6 Qxf6 7. Qc2 dxc4 8. e3
Bd6 9. Bxc4 Qe7 10. O-O Nd7 11. Rfd1 O-O 12. Bb3 b6 13. e4 Bb7 14. e5 Bc7 15.
Qe4 Rfd8 16. Ba4 Rac8 17. Rd2 Ba8 18. Rad1 Bb8 19. Ne2 Rc7 20. Nf4 Bb7 21. h4
Nf8 22. h5 Qb4 23. Qc2 c5 24. a3 Qa5 25. d5 b5 26. Bb3 c4 27. Ba2 exd5 28. Nxd5
Rcd7 29. Ne7+ Kh8 30. Qf5 Bxf3 31. Qxf7 Rxe7 32. Qxe7 Bxd1 33. Qxd8 Qxd8 34.
Rxd8 Bxe5 35. Rxf8+ Kh7 36. Bb1+ g6 37. hxg6+ Kg7 38. Rf7+ Kg8 39. Bf5 Bxb2 40.
Be6 Ba4 1-0

[Event "Vesterhavsturneringen GM 1982"]
[Site "Esbjerg"]
[Date "1982.??.??"]
[Round "7"]
[White "Helmers, Knut"]
[Black "Ost Hansen, Jacob"]
[Result "1-0"]
[WhiteElo "2425"]
[BlackElo "2410"]
[PlyCount "81"]
[EventDate "1982.??.??"]

1. Nf3 Nf6 2. c4 g6 3. g3 Bg7 4. Bg2 O-O 5. O-O d6 6. d4 Nbd7 7. Nc3 e5 8. e4
c6 9. b3 Re8 10. h3 exd4 11. Nxd4 Nc5 12. Re1 a5 13. Rb1 Nfd7 14. Be3 Qc7 15.
Qc2 Ne5 16. Red1 f6 17. Rd2 Nf7 18. Kh2 Qe7 19. Re1 Bd7 20. a3 Ra6 21. Rdd1
Raa8 22. f4 Ne6 23. Nde2 f5 24. Bf2 Nf8 25. Bd4 Bxd4 26. Nxd4 Qf6 27. Qd2 Re7
28. exf5 gxf5 29. Rxe7 Qxe7 30. Re1 Qf6 31. Qd3 Ng6 32. Na4 Ra6 33. c5 Nf8 34.
Nb6 Be6 35. Nxe6 Nxe6 36. Nd7 Qg6 37. cxd6 Ra8 38. Ne5 Qf6 39. Nxf7 Kxf7 40.
Re5 Ng7 41. Re7+ 1-0

[Event "Vesterhavsturneringen GM 1982"]
[Site "Esbjerg"]
[Date "1982.??.??"]
[Round "7"]
[White "Mortensen, Erling"]
[Black "Shamkovich, Leonid"]
[Result "1-0"]
[WhiteElo "2440"]
[BlackElo "2490"]
[PlyCount "57"]
[EventDate "1982.??.??"]

1. e4 c5 2. Nf3 d6 3. d4 cxd4 4. Nxd4 Nf6 5. Nc3 e6 6. f4 a6 7. Be2 Qc7 8. O-O
Be7 9. Kh1 O-O 10. a4 Nbd7 11. Bf3 Nb6 12. Qe1 Rd8 13. b3 d5 14. e5 Ne4 15.
Nxe4 dxe4 16. Qxe4 Qc3 17. Be3 Nd5 18. Bg1 Bd7 19. f5 Nc7 20. Rad1 Bf8 21. fxe6
Nxe6 22. Qh4 Bc6 23. Bxc6 bxc6 24. Qf2 Ng5 25. Rd3 Qb2 26. h4 c5 27. hxg5 cxd4
28. Qxf7+ Kh8 29. g6 1-0

[Event "Vesterhavsturneringen GM 1982"]
[Site "Esbjerg"]
[Date "1982.??.??"]
[Round "7"]
[White "Fries Nielsen, Jens Ove"]
[Black "Sahl, Bjarke"]
[Result "1-0"]
[WhiteElo "2390"]
[BlackElo "2355"]
[PlyCount "47"]
[EventDate "1982.??.??"]

1. e4 c5 2. Nc3 g6 3. f4 Bg7 4. Nf3 Nc6 5. g3 d6 6. Bg2 e6 7. O-O Nge7 8. d3
O-O 9. Rb1 b6 10. Ne2 d5 11. Bd2 Bb7 12. a3 Qd7 13. e5 d4 14. g4 f5 15. exf6
Rxf6 16. c4 e5 17. h3 Raf8 18. b4 h5 19. b5 hxg4 20. bxc6 Nxc6 21. Ng5 exf4 22.
Bd5+ Kh8 23. Nxf4 Ne5 24. Qe1 1-0

[Event "Vesterhavsturneringen GM 1982"]
[Site "Esbjerg"]
[Date "1982.??.??"]
[Round "7"]
[White "Westerinen, Heikki"]
[Black "Hoi, Carsten"]
[Result "1/2-1/2"]
[WhiteElo "2410"]
[BlackElo "2390"]
[PlyCount "90"]
[EventDate "1982.??.??"]

1. e4 g6 2. d4 d6 3. Nc3 Bg7 4. f4 Nf6 5. Nf3 O-O 6. Bd3 Na6 7. O-O c5 8. d5
Nc7 9. Qe1 Rb8 10. a4 a6 11. a5 Bg4 12. Qh4 Bxf3 13. Rxf3 e6 14. dxe6 Nxe6 15.
f5 Nd7 16. Qxd8 Nxd8 17. Nd5 Re8 18. f6 Bf8 19. Nc7 Re5 20. Bf4 c4 21. Bxe5
Nxe5 22. Bf1 Nxf3+ 23. gxf3 Nc6 24. Kf2 Bh6 25. Bxc4 Nxa5 26. Rxa5 Rc8 27. Bxa6
bxa6 28. Nd5 Rxc2+ 29. Kg3 Bd2 30. Rxa6 h5 31. Ra8+ Kh7 32. Rf8 g5 33. Rxf7+
Kh6 34. b4 Be1+ 35. Kh3 Rf2 36. Rd7 Rxf3+ 37. Kg2 g4 38. Rxd6 Kg5 39. Rc6 h4
40. Rc1 h3+ 41. Kg1 Bf2+ 42. Kh1 Bd4 43. Re1 Be5 44. Kg1 Bd4+ 45. Kh1 Be5
1/2-1/2

[Event "Vesterhavsturneringen GM 1982"]
[Site "Esbjerg"]
[Date "1982.??.??"]
[Round "8"]
[White "Ftacnik, Lubomir"]
[Black "Westerinen, Heikki"]
[Result "1-0"]
[WhiteElo "2535"]
[BlackElo "2410"]
[PlyCount "75"]
[EventDate "1982.??.??"]

1. d4 Nf6 2. c4 d6 3. Nf3 Nbd7 4. Nc3 e5 5. g3 c6 6. e4 a6 7. Bg2 b5 8. O-O Bb7
9. Re1 b4 10. Na4 c5 11. d5 g6 12. Nd2 Bh6 13. f4 O-O 14. Nf3 exf4 15. Bxf4
Bxf4 16. gxf4 Nh5 17. Qd2 Qf6 18. e5 Qf5 19. exd6 Nxf4 20. Re7 Nxg2 21. Qxg2
Rad8 22. Qg3 Bc8 23. Rf1 Qf6 24. b3 Qg7 25. Qf4 h6 26. Ne5 g5 27. Qf5 Nxe5 28.
Qxe5 Qg6 29. Nxc5 Bh3 30. Re1 Qc2 31. Qg3 Bf5 32. d7 Qxa2 33. Qf2 Qxf2+ 34.
Kxf2 Kg7 35. Ne6+ Bxe6 36. R1xe6 a5 37. Ra6 Rb8 38. c5 1-0

[Event "Vesterhavsturneringen GM 1982"]
[Site "Esbjerg"]
[Date "1982.??.??"]
[Round "8"]
[White "Hansen, Curt"]
[Black "Sahl, Bjarke"]
[Result "1-0"]
[WhiteElo "2380"]
[BlackElo "2355"]
[PlyCount "61"]
[EventDate "1982.??.??"]

1. d4 Nf6 2. c4 g6 3. Nc3 Bg7 4. e4 d6 5. Nf3 O-O 6. Be2 c6 7. O-O a6 8. e5
dxe5 9. Nxe5 Be6 10. Re1 Nbd7 11. Bf4 Re8 12. Qd2 Qa5 13. b4 Qd8 14. a4 a5 15.
b5 Nxe5 16. Bxe5 Nd7 17. Bxg7 Kxg7 18. Ne4 Bf5 19. Ng3 Be6 20. Bf3 Rc8 21. d5
Nf6 22. bxc6 bxc6 23. Nh5+ Nxh5 24. Qc3+ Nf6 25. dxe6 fxe6 26. Rxe6 c5 27. Bd5
Rb8 28. Rae1 Rb6 29. Bc6 Qc8 30. Rxf6 exf6 31. Bxe8 1-0

[Event "Vesterhavsturneringen GM 1982"]
[Site "Esbjerg"]
[Date "1982.??.??"]
[Round "8"]
[White "Ost Hansen, Jacob"]
[Black "Mortensen, Erling"]
[Result "1-0"]
[WhiteElo "2410"]
[BlackElo "2440"]
[PlyCount "90"]
[EventDate "1982.??.??"]

1. e4 c5 2. d3 Nc6 3. g3 Nf6 4. Bg2 d5 5. Nd2 e5 6. Ngf3 Be7 7. O-O O-O 8. c3
Re8 9. a3 Bf8 10. Re1 Rb8 11. b4 d4 12. cxd4 cxd4 13. Nb3 Nd7 14. Bd2 b5 15.
Qc2 Bb7 16. Rec1 Rc8 17. Qa2 Rc7 18. Rc2 Ncb8 19. Rxc7 Qxc7 20. Rc1 Qb6 21. Na5
h5 22. Bh3 Bd6 23. Nh4 Rc8 24. Rxc8+ Bxc8 25. Be6 fxe6 26. Qxe6+ Kh7 27. Qg6+
Kg8 28. Qe6+ Kh7 29. Qg6+ Kg8 30. Qe8+ Bf8 31. Qxc8 Qe6 32. Qc2 Kf7 33. Nf5 h4
34. Nb7 Kg8 35. Nd8 Qe8 36. Qb3+ Kh7 37. Ne6 g6 38. Ng5+ Kh8 39. Nf7+ Kh7 40.
N5d6 Bxd6 41. Nxd6 Qf8 42. Qe6 a6 43. Nf7 Qg7 44. Qe8 Qg8 45. Qe7 Qg7 1-0

[Event "Vesterhavsturneringen GM 1982"]
[Site "Esbjerg"]
[Date "1982.??.??"]
[Round "8"]
[White "Hoi, Carsten"]
[Black "Helmers, Knut"]
[Result "0-1"]
[WhiteElo "2390"]
[BlackElo "2425"]
[PlyCount "74"]
[EventDate "1982.??.??"]

1. d4 Nf6 2. c4 g6 3. Nc3 d5 4. Nf3 Bg7 5. cxd5 Nxd5 6. e4 Nxc3 7. bxc3 c5 8.
Be3 Qa5 9. Qd2 O-O 10. Rc1 cxd4 11. cxd4 Qxd2+ 12. Kxd2 Rd8 13. Bc4 Nc6 14. d5
Na5 15. Rhd1 Nxc4+ 16. Rxc4 f5 17. Ke1 fxe4 18. Rxe4 Bc3+ 19. Kf1 Bf6 20. g4 b6
21. g5 Bg7 22. Bd4 Rxd5 23. Rxe7 Bf8 24. Re5 Rd6 25. Ke2 Bb7 26. Ke3 Rad8 27.
Ne1 Bg7 28. f4 R6d7 29. Rd2 Bxe5 30. fxe5 Rc7 31. Nd3 Rf8 32. Nf4 Rc1 33. Rf2
Re1+ 34. Kd3 Re4 35. Nh3 Rh4 36. Rxf8+ Kxf8 37. Nf2 Rxh2 0-1

[Event "Vesterhavsturneringen GM 1982"]
[Site "Esbjerg"]
[Date "1982.??.??"]
[Round "8"]
[White "Shamkovich, Leonid"]
[Black "Jansa, Vlastimil"]
[Result "1/2-1/2"]
[WhiteElo "2490"]
[BlackElo "2455"]
[PlyCount "82"]
[EventDate "1982.??.??"]

1. c4 g6 2. Nf3 Bg7 3. d4 Nf6 4. g3 O-O 5. Bg2 d6 6. Nc3 c6 7. O-O Qa5 8. d5
Qb4 9. Nd2 Bd7 10. a3 Qb6 11. Rb1 cxd5 12. cxd5 Rc8 13. Nb3 Ng4 14. h3 Ne5 15.
Be3 Qa6 16. Bd4 Ba4 17. Nxa4 Qxa4 18. f4 Nc4 19. Bxg7 Kxg7 20. Qd3 Nd7 21. Kh2
Ncb6 22. Rbc1 Rc4 23. Rxc4 Qxc4 24. Qxc4 Nxc4 25. Rc1 Ndb6 26. Rc2 Ne3 27. Rc7
Nbxd5 28. Rxb7 Nxg2 29. Kxg2 Rc8 30. Kf3 Kf6 31. Nd4 Rc4 32. e3 e5 33. Rd7 Nxf4
34. Rxd6+ Ke7 35. Rc6 Ra4 36. Rc7+ Kf6 37. gxf4 exd4 38. exd4 Rxd4 39. Rxa7
Rd3+ 40. Ke4 Rb3 41. Ra6+ Ke7 1/2-1/2

[Event "Vesterhavsturneringen GM 1982"]
[Site "Esbjerg"]
[Date "1982.??.??"]
[Round "9"]
[White "Helmers, Knut"]
[Black "Ftacnik, Lubomir"]
[Result "1/2-1/2"]
[WhiteElo "2425"]
[BlackElo "2535"]
[PlyCount "138"]
[EventDate "1982.??.??"]

1. Nf3 Nf6 2. c4 c5 3. g3 b6 4. Bg2 Bb7 5. O-O e6 6. d4 cxd4 7. Qxd4 Be7 8. Nc3
d6 9. Bg5 a6 10. Bxf6 Bxf6 11. Qf4 Bxf3 12. Bxf3 Ra7 13. Rfd1 Be5 14. Qe3 Rc7
15. Qxb6 Rxc4 16. Qxd8+ Kxd8 17. Rac1 Kd7 18. Ne4 Rhc8 19. Rxc4 Rxc4 20. Nd2
Rc5 21. b3 Rc2 22. Nc4 Ke7 23. Rd2 Rxd2 24. Nxd2 d5 25. e3 Kd6 26. Kf1 Kc5 27.
Ke2 f5 28. Kd1 Nd7 29. Be2 Kb6 30. Nf3 Bf6 31. Ne1 e5 32. Nd3 a5 33. Nb2 e4 34.
Na4+ Kc6 35. Kc2 g5 36. Nc3 g4 37. Bb5+ Kd6 38. Bxd7 Kxd7 39. Nxd5 Be5 40. Nb6+
Kc6 41. Nc4 Bc7 42. Kc3 Bd8 43. Na3 Kd5 44. Kd2 Kc5 45. Nc2 Bf6 46. Ke2 Bc3 47.
Kf1 Bf6 48. Kg2 Kd5 49. h3 h5 50. hxg4 fxg4 51. Kf1 Kc5 52. Ke2 h4 53. gxh4
Bxh4 54. Kf1 g3 55. fxg3 Bxg3 56. Kg2 Bd6 57. Kh3 Kd5 58. Kg2 Kc5 59. Kf2 Be5
60. Ke2 Bg7 61. Kd2 Bf6 62. Na3 Kb4 63. Nc2+ Kc5 64. Kc1 Bh8 65. Na3 Kb4 66.
Nb1 a4 67. bxa4 Bg7 68. Kc2 Kxa4 69. Nc3+ Ka3 1/2-1/2

[Event "Vesterhavsturneringen GM 1982"]
[Site "Esbjerg"]
[Date "1982.??.??"]
[Round "9"]
[White "Jansa, Vlastimil"]
[Black "Ost Hansen, Jacob"]
[Result "1/2-1/2"]
[WhiteElo "2455"]
[BlackElo "2410"]
[PlyCount "137"]
[EventDate "1982.??.??"]

1. e4 c5 2. Nf3 e6 3. Nc3 a6 4. g3 Nc6 5. d4 cxd4 6. Nxd4 Nge7 7. Nb3 d6 8. Bg2
Bd7 9. O-O Nc8 10. a4 Be7 11. Qe2 Na5 12. e5 Nxb3 13. cxb3 d5 14. Qg4 Kf8 15.
Be3 h5 16. Qe2 Qa5 17. Rad1 Bc6 18. f4 g6 19. Qf2 Kg8 20. h3 Rh7 21. Rd3 Bd8
22. g4 hxg4 23. hxg4 Bh4 24. Qd2 Bg3 25. Rc1 Qc7 26. Bd4 Bh2+ 27. Kf2 g5 28.
Ne2 gxf4 29. Nxf4 Bxf4 30. Qxf4 Ne7 31. Rh1 Ng6 32. Qf6 Qe7 33. g5 Qxf6+ 34.
gxf6 Rc8 35. Rxh7 Kxh7 36. Bf1 Be8 37. Rh3+ Kg8 38. Bd3 Rc1 39. Rg3 Kh7 40.
Rh3+ Kg8 41. Rg3 Rd1 42. Ke2 Rh1 43. Kd2 Rh4 44. Kc3 Kh8 45. Bf1 Kh7 46. Rh3
Rxh3+ 47. Bxh3 Nf4 48. Bg4 Kg6 49. Be3 Kg5 50. Bd1 Kf5 51. Kd4 Ng6 52. Bc2+ Kg4
53. Bxg6 fxg6 54. Kc5 g5 55. Kd6 Kf5 56. Bd4 g4 57. Bf2 Bg6 58. a5 Ke4 59. Kxe6
d4 60. Bxd4 Kxd4 61. Kd6 g3 62. e6 g2 63. f7 g1=Q 64. f8=Q Qg3+ 65. Kd7 Qd3 66.
Qd6+ Ke3 67. Qxd3+ Kxd3 68. e7 Kd4 69. e8=Q 1/2-1/2

[Event "Vesterhavsturneringen GM 1982"]
[Site "Esbjerg"]
[Date "1982.??.??"]
[Round "9"]
[White "Mortensen, Erling"]
[Black "Hoi, Carsten"]
[Result "1-0"]
[WhiteElo "2440"]
[BlackElo "2390"]
[PlyCount "81"]
[EventDate "1982.??.??"]

1. e4 g6 2. d4 d6 3. Nc3 Bg7 4. f4 c6 5. Nf3 Bg4 6. Be3 Nd7 7. h3 Bxf3 8. Qxf3
e6 9. e5 d5 10. g4 Ne7 11. Bd3 c5 12. dxc5 O-O 13. O-O-O Qa5 14. h4 f6 15. exf6
Bxf6 16. Bd2 Nxc5 17. Kb1 Qb6 18. Ka1 Nc6 19. g5 Bxc3 20. bxc3 Na4 21. Rb1 Qc5
22. Qh3 Nxc3 23. Qxe6+ Kh8 24. Rxb7 Ne4 25. Bxe4 Qd4+ 26. c3 Qxe4 27. Qxe4 dxe4
28. c4 Kg8 29. h5 Rf7 30. Rhb1 Raf8 31. hxg6 hxg6 32. Be3 Rxb7 33. Rxb7 Rd8 34.
Bxa7 Re8 35. Be3 Ne7 36. c5 Nf5 37. Rb3 Rc8 38. Bg1 Rc6 39. Rb6 Rc8 40. Rxg6+
Kh7 41. Re6 1-0

[Event "Vesterhavsturneringen GM 1982"]
[Site "Esbjerg"]
[Date "1982.??.??"]
[Round "9"]
[White "Fries Nielsen, Jens Ove"]
[Black "Shamkovich, Leonid"]
[Result "0-1"]
[WhiteElo "2390"]
[BlackElo "2490"]
[PlyCount "114"]
[EventDate "1982.??.??"]

1. e4 c6 2. d3 d5 3. Nd2 g6 4. Ngf3 Bg7 5. g3 e5 6. Bg2 Ne7 7. O-O O-O 8. b4
Na6 9. Bb2 d4 10. a3 Nc7 11. c3 Nb5 12. c4 Nc7 13. c5 b5 14. cxb6 axb6 15. Nc4
b5 16. Nb6 Ra6 17. Nxc8 Qxc8 18. Rc1 Ne6 19. Bh3 h6 20. Rc5 f5 21. Qb3 Kh7 22.
Rcc1 Ng5 23. Nxg5+ hxg5 24. exf5 gxf5 25. Rfe1 Qd7 26. Bg2 Raa8 27. Rc5 Rad8
28. Bc1 Bf6 29. Qc2 Kg7 30. Bd2 Rh8 31. h3 f4 32. Rexe5 Bxe5 33. Rxe5 Kf6 34.
Qc5 Rhg8 35. gxf4 gxf4 36. Bxf4 Nf5 37. Re2 Qd5 38. Qxd5 cxd5 39. Kh2 Rge8 40.
Ra2 Nh4 41. Bc7 Rd7 42. Bb6 Nxg2 43. Bxd4+ Kf5 44. Kxg2 Rg8+ 45. Kf1 Ra8 46.
Ra1 Re7 47. Kg2 Re6 48. Be3 Rea6 49. Bc1 Rg8+ 50. Kf1 Rh8 51. Ke2 Rxh3 52. Be3
Ke5 53. Rg1 d4 54. Bc1 Rc6 55. Bd2 Re6 56. Rg8 Kd5+ 57. Kf1 Rxd3 0-1

[Event "Vesterhavsturneringen GM 1982"]
[Site "Esbjerg"]
[Date "1982.??.??"]
[Round "9"]
[White "Westerinen, Heikki"]
[Black "Hansen, Curt"]
[Result "0-1"]
[WhiteElo "2410"]
[BlackElo "2380"]
[PlyCount "132"]
[EventDate "1982.??.??"]

1. e4 Nf6 2. e5 Nd5 3. c4 Nb6 4. d4 d6 5. f4 Bf5 6. Nc3 e6 7. Nf3 dxe5 8. fxe5
Nc6 9. Be3 Nb4 10. Rc1 c5 11. Be2 cxd4 12. Nxd4 Bg6 13. O-O Bc5 14. Ncb5 O-O
15. a3 Nc6 16. b4 Bxd4 17. Bxd4 Qg5 18. Rc3 Rad8 19. Nd6 Nd7 20. Rg3 Qe7 21.
Nxb7 Ndxe5 22. Nxd8 Rxd8 23. Bc5 Rxd1 24. Bxe7 Rxf1+ 25. Kxf1 Nxe7 26. b5 Kf8
27. Rb3 Nd7 28. c5 Nd5 29. c6 N7b6 30. Bf3 Ke7 31. Bxd5 exd5 32. Rb4 Kd6 33. a4
Nc4 34. a5 Kc5 35. c7 Bf5 36. b6 axb6 37. a6 Kc6 38. Ra4 Na5 39. a7 Kb7 40. Rf4
Bc8 41. Rxf7 Kxa7 42. Ke2 b5 43. Kd3 b4 44. Kd4 b3 45. Kxd5 Kb7 46. Rf2 Kxc7
47. Kd4 Kd6 48. Kc3 Be6 49. Rf8 Ke7 50. Rb8 Nc6 51. Rb6 Ne5 52. Kd4 Kf6 53. Rb5
Ng6 54. Ke4 Nh4 55. g3 Nf5 56. Rb6 h5 57. Kd3 g5 58. Ke4 Ne7 59. Rb5 Nc6 60.
Kd3 Ne5+ 61. Kc3 g4 62. Kd4 Nf3+ 63. Ke3 Nxh2 64. Rxh5 Nf1+ 65. Kf4 Nd2 66. Rb5
Nb1 0-1

[Event "Vesterhavsturneringen GM 1982"]
[Site "Esbjerg"]
[Date "1982.??.??"]
[Round "10"]
[White "Ftacnik, Lubomir"]
[Black "Mortensen, Erling"]
[Result "1/2-1/2"]
[WhiteElo "2535"]
[BlackElo "2440"]
[PlyCount "89"]
[EventDate "1982.??.??"]

1. Nf3 Nf6 2. c4 g6 3. d4 Bg7 4. Nc3 O-O 5. e4 d6 6. Be2 e5 7. O-O Nbd7 8. Qc2
c6 9. Rd1 exd4 10. Nxd4 Qe7 11. Bg5 Nc5 12. f3 Qc7 13. b4 Ne6 14. Nxe6 Bxe6 15.
Bf4 Ne8 16. c5 Be5 17. Bxe5 dxe5 18. a4 a5 19. b5 Qe7 20. Nb1 Nf6 21. Na3 Rfc8
22. b6 Rd8 23. Qc3 Nd7 24. Rac1 Qg5 25. Nc2 Nf6 26. g3 h5 27. Qe3 Qxe3+ 28.
Nxe3 Kf8 29. Bc4 Rxd1+ 30. Rxd1 Ke7 31. Bxe6 Kxe6 32. Kf2 Nd7 33. Rc1 f5 34.
Ke2 fxe4 35. fxe4 Nf6 36. Rc4 Rd8 37. Nf1 h4 38. Nd2 h3 39. Nb3 Ng4 40. Nxa5
Rf8 41. Nxb7 Rf2+ 42. Kd3 Rf3+ 43. Ke2 Rf2+ 44. Kd3 Rf3+ 45. Ke2 1/2-1/2

[Event "Vesterhavsturneringen GM 1982"]
[Site "Esbjerg"]
[Date "1982.??.??"]
[Round "10"]
[White "Ost Hansen, Jacob"]
[Black "Fries Nielsen, Jens Ove"]
[Result "1/2-1/2"]
[WhiteElo "2410"]
[BlackElo "2390"]
[PlyCount "27"]
[EventDate "1982.??.??"]

1. e4 g6 2. d3 Bg7 3. g3 c5 4. Bg2 Nc6 5. f4 d6 6. Nf3 e6 7. O-O Nge7 8. c3 O-O
9. Be3 b6 10. Re1 e5 11. Nbd2 h6 12. a3 exf4 13. Bxf4 d5 14. h4 1/2-1/2

[Event "Vesterhavsturneringen GM 1982"]
[Site "Esbjerg"]
[Date "1982.??.??"]
[Round "10"]
[White "Hoi, Carsten"]
[Black "Jansa, Vlastimil"]
[Result "1-0"]
[WhiteElo "2390"]
[BlackElo "2455"]
[PlyCount "78"]
[EventDate "1982.??.??"]

1. d4 Nf6 2. c4 g6 3. Nc3 d5 4. Nf3 Bg7 5. cxd5 Nxd5 6. e4 Nxc3 7. bxc3 c5 8.
Be3 Bg4 9. Rc1 Qa5 10. Qd2 Bxf3 11. gxf3 Nd7 12. Be2 O-O 13. d5 f5 14. h4 Qc7
15. Bg5 Qd6 16. h5 gxh5 17. Rxh5 f4 18. Rh4 Ne5 19. Bxf4 Qf6 20. Bg5 Nxf3+ 21.
Bxf3 Qxf3 22. Qe3 Qxe3+ 23. Bxe3 c4 24. Ke2 Rf6 25. Bg5 Rf7 26. f4 Raf8 27. Ke3
Bf6 28. Bxf6 Rxf6 29. f5 h6 30. Rg1+ Kf7 31. Kd4 b5 32. Rhg4 Ke8 33. Rg7 Rh8
34. Kc5 a6 35. a4 bxa4 36. Kxc4 h5 37. Rb1 Kf8 38. Rg5 Kf7 39. e5 Rfh6 1-0

[Event "Vesterhavsturneringen GM 1982"]
[Site "Esbjerg"]
[Date "1982.??.??"]
[Round "10"]
[White "Shamkovich, Leonid"]
[Black "Sahl, Bjarke"]
[Result "1-0"]
[WhiteElo "2490"]
[BlackElo "2355"]
[PlyCount "101"]
[EventDate "1982.??.??"]

1. c4 c6 2. e4 d5 3. exd5 cxd5 4. d4 Nf6 5. Nc3 g6 6. cxd5 Bg7 7. Qb3 O-O 8.
Be2 Nbd7 9. Bf3 Ne8 10. Nge2 Nd6 11. g3 Nf6 12. O-O b6 13. Bf4 Bb7 14. Be5 Qd7
15. Nf4 Rfd8 16. Rfe1 Nf5 17. Rad1 Rac8 18. Bg2 Ba6 19. Qa3 Bc4 20. b3 Bf1 21.
Rxf1 Rxc3 22. Rc1 Rdc8 23. Qb2 Rxc1 24. Rxc1 g5 25. Nd3 Nd6 26. Nb4 Rxc1+ 27.
Qxc1 Qf5 28. Nc6 Bf8 29. h3 a5 30. g4 Qg6 31. Bf3 h6 32. Kg2 Qd3 33. Qe3 Qc2
34. a4 Kg7 35. Bh2 Nde4 36. Bxe4 Nxe4 37. Ne5 Nd2 38. h4 f6 39. Nf3 Nxb3 40.
hxg5 hxg5 41. Qe6 Nd2 42. Nxg5 Qg6 43. Bf4 Nc4 44. Nf3 f5 45. Qxg6+ Kxg6 46.
Ne5+ Nxe5 47. dxe5 fxg4 48. d6 exd6 49. exd6 Kf7 50. d7 Ke7 51. Bd6+ 1-0

[Event "Vesterhavsturneringen GM 1982"]
[Site "Esbjerg"]
[Date "1982.??.??"]
[Round "10"]
[White "Westerinen, Heikki"]
[Black "Helmers, Knut"]
[Result "0-1"]
[WhiteElo "2410"]
[BlackElo "2425"]
[PlyCount "80"]
[EventDate "1982.??.??"]

1. e4 c5 2. Nf3 d6 3. d4 cxd4 4. Nxd4 Nf6 5. Nc3 a6 6. Be3 Qc7 7. Be2 e6 8. a4
Nc6 9. O-O Be7 10. Kh1 O-O 11. f4 Re8 12. Qe1 Nxd4 13. Bxd4 e5 14. fxe5 dxe5
15. Qg3 Bd8 16. Bg1 Be6 17. Rad1 Rc8 18. Rd2 Kh8 19. Bf3 Qa5 20. Rfd1 Bb6 21.
Qe1 Bxg1 22. Qxg1 Qb4 23. Rb1 Red8 24. Rxd8+ Rxd8 25. Qa7 h6 26. h3 Rc8 27. Qe3
Nd7 28. Qd3 Rc4 29. Nd5 Qxa4 30. b3 Qa2 31. Qxc4 Qxb1+ 32. Kh2 Qc1 33. Qc7 Kh7
34. c4 Bxd5 35. exd5 Qf4+ 36. Kh1 Nf6 37. Qxb7 e4 38. Be2 Qf2 39. Bg4 Nxg4 40.
hxg4 e3 0-1

[Event "Vesterhavsturneringen GM 1982"]
[Site "Esbjerg"]
[Date "1982.??.??"]
[Round "11"]
[White "Helmers, Knut"]
[Black "Hansen, Curt"]
[Result "1/2-1/2"]
[WhiteElo "2425"]
[BlackElo "2380"]
[PlyCount "58"]
[EventDate "1982.??.??"]

1. Nf3 d5 2. d4 Nf6 3. c4 e6 4. g3 dxc4 5. Bg2 c5 6. O-O Nc6 7. Qa4 cxd4 8.
Nxd4 Qxd4 9. Bxc6+ bxc6 10. Qxc6+ Qd7 11. Qxa8 Bc5 12. Nc3 O-O 13. Qf3 Bb7 14.
e4 Qc8 15. Be3 Bb4 16. Bd4 Bxc3 17. Bxc3 Nxe4 18. Qe3 Qc7 19. Rad1 Bd5 20. Rd4
f5 21. f3 Nxg3 22. Rxd5 exd5 23. Qe6+ Kh8 24. Rd1 Nh5 25. Qxd5 Nf4 26. Qd7 Ne2+
27. Kg2 Qxd7 28. Rxd7 Nxc3 29. bxc3 g5 1/2-1/2

[Event "Vesterhavsturneringen GM 1982"]
[Site "Esbjerg"]
[Date "1982.??.??"]
[Round "11"]
[White "Jansa, Vlastimil"]
[Black "Ftacnik, Lubomir"]
[Result "1/2-1/2"]
[WhiteElo "2455"]
[BlackElo "2535"]
[PlyCount "45"]
[EventDate "1982.??.??"]

1. e4 d6 2. d4 Nf6 3. Nc3 g6 4. Nf3 Bg7 5. Be2 O-O 6. O-O Bg4 7. Be3 Nc6 8. Qd2
e5 9. dxe5 dxe5 10. Rad1 Qc8 11. Qc1 Rd8 12. Rxd8+ Qxd8 13. Rd1 Qf8 14. h3 Bxf3
15. Bxf3 Rd8 16. Nb5 Rc8 17. c3 a6 18. Na3 Rd8 19. Rxd8 Qxd8 20. Qc2 Qf8 21.
Qb3 b5 22. Nc2 Na5 23. Qa3 1/2-1/2

[Event "Vesterhavsturneringen GM 1982"]
[Site "Esbjerg"]
[Date "1982.??.??"]
[Round "11"]
[White "Sahl, Bjarke"]
[Black "Ost Hansen, Jacob"]
[Result "1/2-1/2"]
[WhiteElo "2355"]
[BlackElo "2410"]
[PlyCount "115"]
[EventDate "1982.??.??"]

1. e4 e5 2. Nf3 Nc6 3. Nc3 g6 4. Bc4 Bg7 5. d3 Nge7 6. Be3 Na5 7. Qd2 d6 8. h3
O-O 9. O-O c6 10. Bg5 Kh8 11. Rfd1 f6 12. Bh6 d5 13. b4 dxe4 14. Nxe4 Nxc4 15.
dxc4 Qxd2 16. Bxg7+ Kxg7 17. Rxd2 b6 18. a4 a5 19. c3 Bf5 20. Nd6 Be6 21. c5
bxc5 22. bxa5 Rfb8 23. Ne4 Bd5 24. Nd6 c4 25. a6 Rxa6 26. a5 c5 27. Rxd5 Nxd5
28. Ne4 Rba8 29. Rd1 Ne7 30. Rd7 R6a7 31. Rd6 Ra6 32. Rd7 Kf7 33. Nfd2 Rxa5 34.
Nxc4 R5a7 35. Rd6 Ra6 36. Rd7 R8a7 37. Ncd6+ Ke6 38. Nxc5+ Kd5 39. Ndb7+ Kc6
40. Rxe7 Ra1+ 41. Kh2 Kd5 42. Rxh7 R7a2 43. Rd7+ Kc4 44. Rg7 Rxf2 45. Nd6+ Kd5
46. c4+ Kxc5 47. Ne4+ Kxc4 48. Nxf2 f5 49. Rxg6 Rf1 50. Kg3 e4 51. Re6 Kd4 52.
Rf6 e3 53. Rxf5 e2 54. Rf4+ Kc3 55. Rf3+ Kc2 56. Re3 Kd2 57. Rd3+ Kc2 58. Re3
1/2-1/2